Contabilidad básica /

Guardado en:
Autor Principal: Fowler Newton, Enrique
Formato: Libro
Publicado: Buenos Aires : Macchi, 1992
Edición:3a. ed.
Materias:
Etiquetas: Agregar Etiqueta
Sin Etiquetas, Sea el primero en etiquetar este registro!
LEADER 01330nam a22002055a 4500
001 CEM.cems007329
005 20110923164053.0
008 130507s1992##################000#0#####d
003 CEMS
020 |a 9505371977 
082 0 4 |a 657 
100 1 |a Fowler Newton, Enrique 
245 1 0 |a Contabilidad básica /  |c Enrique Fowler Newton 
250 |a 3a. ed. 
260 |a Buenos Aires :  |b Macchi,  |c 1992 
300 |a 747 p. 
505 0 |a Las organizaciones y su administración -- Contabilidad e información contable -- Principales elementos de la información contable -- Reconocimiento de variaciones patrimoniales -- Funcionamiento del sistema contable -- Registración por partida doble -- Registro de operaciones y hechos -- Financiación de las actividades -- Compras de bienes y servicios -- Consumos, depreciaciones y producción -- Ventas de bienes y servicios -- Operaciones que afectan las cuentas a cobrar -- Movimientos de fondos -- Inversiones permanentes -- Impuestos y tasas -- Cuestiones diversas -- Ajustes por inflación -- Culminación del proceso contable -- Preparación de informes contables -- Estados contables -- Informes contables para la gestión 
653 |a Contabilidad 
859 |a CEMS  |b BIB. CEMS - 11 de abril  |h 657  |i F829-4a3  |p 17171.93  |t Ej.1 
859 |a CEMS  |b BIB. CEMS - 11 de abril  |h 657  |i F829-4a3  |p 18509.95  |t Ej.2